Desideologizar la educación, o, El sindrome del cientificismo (Record no. 65818)
[ view plain ]
| 000 -CABECERA | |
|---|---|
| campo de control de longitud fija | 00617nam a2200205 a 4500 |
| 005 - FECHA Y HORA DE LA ÚLTIMA TRANSACCIÓN | |
| campo de control | 20240808063705.0 |
| 008 - ELEMENTOS DE LONGITUD FIJA--INFORMACIÓN GENERAL | |
| campo de control de longitud fija | 991125n 000 0 u |
| 035 ## - NÚMERO DE CONTROL DEL SISTEMA | |
| Número de control de sistema | UPN01000072114 |
| 100 1# - ASIENTO PRINCIPAL--NOMBRE PERSONAL | |
| Nombre de persona | Juárez Hernández, Fernando |
| 9 (RLIN) | 36749 |
| 222 #0 - TÍTULO CLAVE | |
| Título clave | PEDAGOGIA : REVISTA DE LA UNIVERSIDAD PEDAGOGICA NACIONAL |
| 245 #0 - MENCIÓN DE TÍTULO | |
| Título | Desideologizar la educación, o, El sindrome del cientificismo |
| 300 ## - DESCRIPCIÓN FÍSICA | |
| Extensión | 23-26 |
| 362 ## - FECHAS DE PUBLICACIÓN Y/O DESIGNACIÓN SECUENCIAL | |
| Fecha de publicación y/o designación secuencial | 1987 Vol. 4, no. 12 oct.-dic. |
| 653 0# - TERMINO DE INDIZACION - NO CONTROLADO | |
| Término no controlado | CURRICULUM |
| 653 0# - TERMINO DE INDIZACION - NO CONTROLADO | |
| Término no controlado | IDEOLOGIA |
| 653 0# - TERMINO DE INDIZACION - NO CONTROLADO | |
| Término no controlado | METODOS DE ENSEÑANZA |
| 653 0# - TERMINO DE INDIZACION - NO CONTROLADO | |
| Término no controlado | PRACTICA DOCENTE |
| 904 ## - ELEMENTOS DE DATOS D LOCAL, LDD (RLIN) | |
| a | AC |
| b | 009925 |
| 905 ## - TIPO DE MATERIAL | |
| Tipo de material | Articulo |
No items available.
